Statistiques concernant Pays participant au championnat de handball 2017

Cliquez ici pour prendre le quiz!

Statistiques générales

  • Ce quiz a été pris 136 fois
    (103 depuis la dernière actualisation)
  • Le résultat moyen est 19 sur 24

Statistiques - réponses

Groupe A% Correct
France
100%
Norvège
98%
Espagne
97%
Brésil
96%
Suède
96%
Allemagne
95%
Croatie
95%
Russie
94%
Danemark
93%
Argentine
92%
Japon
89%
Pologne
88%
Egypte
82%
Qatar
82%
Slovénie
82%
Islande
80%
Hongrie
77%
Tunisie
73%
Chili
67%
Macédoine
61%
Angola
53%
Biélorussie
53%
Arabie Saoudite
45%
Bahrein
35%

Distribution des résultats

Percentile par nombre de réponses

% des personnes avec chaque résultat

Votre développement - résultats

Vous n’avez pas pris ce quiz depuis la dernière actualisation